000 00284nam a22001217a 4500
020 _a9788178847962
082 _a302.23014
100 _aJ.David
245 _aJournalism language and expression
260 _aNew Delhi
_bCybertech publications
_c2011
300 _a288p
942 _cBK
999 _c2854
_d2854